Oscar Wilde a Critical Study (Record no. 187149)
[ view plain ]
| 000 -LEADER | |
|---|---|
| fixed length control field | 00640 a2200169 4500 |
| 003 - CONTROL NUMBER IDENTIFIER | |
| control field | Nust |
| 005 - DATE AND TIME OF LATEST TRANSACTION | |
| control field | 20170207153457.0 |
| 040 ## - CATALOGING SOURCE | |
| Transcribing agency | Nust |
| 082 ## - DEWEY DECIMAL CLASSIFICATION NUMBER | |
| Classification number | 920 |
| 100 ## - MAIN ENTRY--PERSONAL NAME | |
| Personal name | Ransome, Arthur |
| 245 ## - TITLE STATEMENT | |
| Title | Oscar Wilde a Critical Study |
| Statement of responsibility, etc. | Arthur Ransome |
| 260 ## - PUBLICATION, DISTRIBUTION, ETC. | |
| Place of publication, distribution, etc. | London |
| Name of publisher, distributor, etc. | Methuen & co |
| 300 ## - PHYSICAL DESCRIPTION | |
| Extent | 234;p |
| 505 ## - FORMATTED CONTENTS NOTE | |
| Formatted contents note | Introductory (Page-9), Biographical Summery (Page-24), Poems (Page-34), Aestheticism (Page-61), Misc Prose (Page-85), Intentions (Page-111), The Theatre (Page-140), Disaster (Page-166), De Profundis (Page-171), 1897-1900 (Page-194), Afterthought (Page-220). |
| 538 ## - SYSTEM DETAILS NOTE | |
| System details note | Almirah No.60 Shelf No.4 |
| 650 ## - SUBJECT ADDED ENTRY--TOPICAL TERM | |
| Topical term or geographic name entry element | Life of Oscar Wild |
| 942 ## - ADDED ENTRY ELEMENTS (KOHA) | |
| Source of classification or shelving scheme | |
| Koha item type | Book |
| Withdrawn status | Lost status | Source of classification or shelving scheme | Damaged status | Not for loan | Collection code | Permanent Location | Current Location | Date acquired | Total Checkouts | Full call number | Barcode | Date last seen | Price effective from | Koha item type |
|---|---|---|---|---|---|---|---|---|---|---|---|---|---|---|
| Military College of Signals (MCS) | Military College of Signals (MCS) | 12/12/2016 | 920 RAN | MCS30060 | 12/08/2016 | 12/12/2016 | Book |
